000 00642nam a22002057a 4500
005 20250523124346.0
010 _aENG-145025
020 _a9789382059004
_c1295.00
035 _aEN-128557
037 _bDBAD
082 _a303.48
_21
245 _aThe Dark side of Globalization/
_cEdited By Jorge Heine [and] Ramesh Thakur
250 _a1
260 _aNew Delhi
_bSynergy Book India
_c2011
270 _a24/4800 Ansari Road, Darya Ganj,
_bNew Delhi
_e110002
300 _axxi, 302p.
_c23cm(hb)
700 _4Heine, Jorge
_aEditor
_981371
700 _4Thakur, Ramesh
_aEditor
_981371
942 _2ddc
_cEN
_mDAR
_h303.48
999 _c211399
_d211399